Countries by Median Wealth per person - Statistics

General Stats
  • This quiz has been taken 48 times
    19 since last reset
  • The average score is 17 of 19
Answer Stats
Wealth/person Answer % Correct
256 185 Belgium
100%
142 587 Canada
100%
116 948 Netherlands
100%
152 233 Norway
100%
171 035 Switzerland
100%
112 157 United States
100%
261 805 Australia
94%
193 669 Denmark
94%
113 754 Italy
94%
106 999 Japan
94%
372 258 Luxembourg
94%
202 525 New Zealand
94%
163 515 United Kingdom
94%
140 593 France
89%
104 959 Singapore
89%
111 270 Spain
89%
413 193 Iceland
78%
110 521 Taiwan
78%
102 451 Malta
39%
No matching quizzes found
Score Distribution
Percent of People with Each Score
Percentile by Number Answered
Your Score History
You have not taken this quiz since the last reset